000 00990nam2a22002531 4500
001 v19\rc\1385485
005 20250618092102.0
035 _a(NLR Aleph) 004519432
090 _a4851124
_c4851124
100 _a20060512d1912 |||y0rusy50 ca
101 0 _arus
102 _aRU
105 _ay z |||||
200 0 _a... за 1911 г.
_e(44-й год существования О-ва)
210 _d1912
_aБ. м.
215 _a24 с.
461 0 _1001v19\rc\1385460
_12001#$aОтчет о действиях Казанского общества охоты...$v... за 1911 г.
_94850882
_aКазанское общество охоты
_c[Казань]
_dценз. 1870-1916
_tОтчет о действиях Казанского общества охоты...
_v... за 1911 г.
801 0 _aRU
_bNLR
_gpsbo
801 0 _aRU
_bRuMoRGB
_2psbo
801 1 _aRU
_bProSoft-M
_2rusmarc
852 _aNLR
_j34.61а.4.100(6)
899 _aRuMoRGB (1869-1915*)
_jA 199/219
942 _cBOOK
980 _aNB